Roof insulation, cost effective and effective utility for Pakistan (Record no. 551022)
[ view plain ]
| 000 -LEADER | |
|---|---|
| fixed length control field | 00434nam a22001457a 4500 |
| 082 ## - DEWEY DECIMAL CLASSIFICATION NUMBER | |
| Classification number | P-281 |
| 100 ## - MAIN ENTRY--PERSONAL NAME | |
| Personal name | Muhammad Sohail Saleem |
| 9 (RLIN) | 47948 |
| 245 ## - TITLE STATEMENT | |
| Title | Roof insulation, cost effective and effective utility for Pakistan |
| Statement of responsibility, etc. | Muhammad Sohail Saleem, TC Atif Ahmad Khan |
| 260 ## - PUBLICATION, DISTRIBUTION, ETC. | |
| Place of publication, distribution, etc. | MCE |
| Date of publication, distribution, etc. | 12.12.2005 |
| 300 ## - PHYSICAL DESCRIPTION | |
| Extent | 87 p. |
| 526 ## - STUDY PROGRAM INFORMATION NOTE | |
| Program name | 0 |
| Interest level | 0 |
| Reading level | 0 |
| Title point value | P_281 |
| 650 ## - SUBJECT ADDED ENTRY--TOPICAL TERM | |
| Topical term or geographic name entry element | Project |
| 700 ## - ADDED ENTRY--PERSONAL NAME | |
| Personal name | Lt Col (R) Kamran Mushtaq |
| 9 (RLIN) | 47949 |
| 942 ## - ADDED ENTRY ELEMENTS (KOHA) | |
| Source of classification or shelving scheme | |
| Koha item type | Book |
| Withdrawn status | Lost status | Source of classification or shelving scheme | Damaged status | Not for loan | Permanent Location | Current Location | Date acquired | Total Checkouts | Full call number | Barcode | Date last seen | Date last checked out | Price effective from | Koha item type | Public note |
|---|---|---|---|---|---|---|---|---|---|---|---|---|---|---|---|
| Military College of Engineering (MCE) | Military College of Engineering (MCE) | 12/01/2014 | 1 | P-281 | MCE-P-281 | 03/26/2015 | 03/26/2015 | 12/01/2014 | Book | Project |
